000 00518nam a22001937a 4500
003 BD-DhJNU
005 20250217090316.0
008 250217b |||||||| |||| 00| 0 eng d
020 _a9844770645
040 _aBD-DhJNU
_bENG
_cBD-DhJNU
_dBD-DhJNU
082 _223
_a100.3
100 _aMatin, Abdul
245 _aAn outline of philosophy /
_cAbdul Matin
260 _aDhaka :
_bAdhuna Prakashan,
_c2019.
300 _axvi, 404 p. :
_c21 cm.
504 _aincludes index
650 _aPhilosophy
942 _2ddc
_cBK
_n0
999 _c1353
_d1353